Scarlett Johansson Projects-Sudden Death - Statistics

General Stats
  • This quiz has been taken 28 times
  • The average score is 13 of 20
Answers on the Grid
Answers color-coded by a green-red scale on the quiz's grid according to % correct below.
Transformers One
Fly Me to the Moon
Asteroid City
The White Lotus
Iron Man
Iron Man 2
Friends
Zombieland
Saturday Night
Jojo Rabbit
Black Widow
La La Land
Avengers: Endgame
Captain America: The Winter Soldier
Spiderman: No Way Home
Rough Night
Parks and Recreation
Hawkeye
Isle of Dogs
Ghost in the Shell
The Jungle book
The Wolf of Wall Street
Baby Driver
Toy Story 3
Hail, Caesar
Little Women
Her
Zero Dark Thirty
Knives Out
Lucy
Chef
Under the Skin
The Imitation Game
The Nanny Diaries
The Grand Budapest Hotel
Ms. Marvel
Mad Max
Don Jon
Inception
We Bought a Zoo
 
Answer Stats
Answer % Correct
Asteroid City
93%
Black Widow
93%
Iron Man 2
93%
Jojo Rabbit
86%
Avengers: Endgame
79%
Fly Me to the Moon
79%
Lucy
71%
Captain America: The Winter Soldier
64%
Don Jon
64%
Ghost in the Shell
64%
Hail, Caesar
64%
We Bought a Zoo
64%
The Nanny Diaries
57%
Under the Skin
57%
Her
50%
Rough Night
50%
The Jungle book
50%
Isle of Dogs
43%
Chef
36%
Transformers One
36%
No matching quizzes found
Score Distribution
Percent of People with Each Score
Percentile by Number Answered
Your Score History
You have not taken this quiz